[Event "Lueneburg distr-ch Haupt"]
[Site "Lueneburg"]
[Date "2017.10.15"]
[Round "7"]
[White "Arians, Rudolph"]
[Black "Schmidt, Johannes2222"]
[Result "0-1"]
[WhiteElo "1400"]
[BlackElo "1632"]
[PlyCount "58"]
[EventDate "2017.10.12"]
[EventType "swiss"]
[EventRounds "7"]
[EventCountry "GER"]
[SourceTitle "EXT 2019"]
[Source "ChessBase"]
[SourceDate "2018.10.10"]
[SourceVersion "1"]
[SourceVersionDate "2018.10.10"]
[SourceQuality "1"]

1. d4 c5 2. c3 cxd4 3. cxd4 d6 4. Nf3 Nf6 5. Nc3 g6 6. Bf4 Bg7 7. e3 0-0 8. Bd3 a6 9. 0-0 b5 10. Qc2 Bb7 11. Qe2 Nbd7 12. Rfc1 Re8 13. Nd1 e5 14. dxe5 dxe5 15. Nxe5 Nxe5 16. Bxe5 Rxe5 17. f4 Re7 18. Nf2 Ne8 19. Rab1 Nf6 20. Rc2 Rd7 21. Rbc1 Qe7 22. Rc5 Nd5 23. Be4 Nxf4 24. Qc2 Bxe4 25. Nxe4 Nd3 26. Rc8+ Rxc8 27. Qxc8+ Rd8 28. Qc6 Nxc1 29. Qxc1 Qxe4 0-1

[Event "Niedersachsen-ch op-D"]
[Site "Verden"]
[Date "2017.01.06"]
[Round "4"]
[White "Hubert, Nikita"]
[Black "Arians, Rudolph"]
[Result "0-1"]
[WhiteElo "789"]
[BlackElo "820"]
[PlyCount "100"]
[EventDate "2017.01.05"]
[EventType "swiss"]
[EventRounds "7"]
[EventCountry "GER"]
[SourceTitle "CBM 187 Extra"]
[Source "ChessBase"]
[SourceDate "2018.11.04"]
[SourceVersion "1"]
[SourceVersionDate "2018.11.04"]
[SourceQuality "1"]

1. e4 e6 2. d4 d5 3. e5 c5 4. Nf3 Nc6 5. Be3 Qb6 6. c3 c4 7. Nbd2 Qxb2 8. Qc1 Qxc1+ 9. Rxc1 Nge7 10. Bg5 h6 11. Bh4 b5 12. Rb1 a6 13. a3 Ng6 14. Ra1 Nxh4 15. Nxh4 Be7 16. Nhf3 0-0 17. Be2 f6 18. 0-0 fxe5 19. dxe5 Rf5 20. g4 Rf7 21. Nd4 Nxe5 22. a4 bxa4 23. Rxa4 Rb8 24. Raa1 Bg5 25. N2f3 Nxf3+ 26. Bxf3 Rb2 27. Bg2 Bh4 28. Nf3 Bf6 29. Rac1 Rfb7 30. Nd4 Bxd4 31. cxd4 a5 32. Ra1 Ra7 33. h3 a4 34. Ra3 Rb3 35. Ra2 a3 36. Rfa1 Kf7 37. Kf1 Rd3 38. Ke2 Bd7 39. f3 Bc6 40. f4 g5 41. fxg5 hxg5 42. Rb1 Rb3 43. Rba1 Kf6 44. Bf3 e5 45. dxe5+ Kxe5 46. Bg2 Kd4 47. Kd2 Rb2+ 48. Rxb2 axb2 49. Rb1 c3+ 50. Kc2 Ba4# 0-1

[Event "Lueneburg distr-ch Haupt"]
[Site "Muenster"]
[Date "2016.10.14"]
[Round "4.12"]
[White "Herbst, Georg"]
[Black "Arians, Rudolph"]
[Result "1-0"]
[WhiteElo "1072"]
[BlackElo "807"]
[PlyCount "50"]
[EventDate "2016.10.13"]
[EventType "swiss"]
[EventRounds "7"]
[EventCountry "GER"]
[SourceTitle "EXT 2019"]
[Source "ChessBase"]
[SourceDate "2018.10.10"]
[SourceVersion "1"]
[SourceVersionDate "2018.10.10"]
[SourceQuality "1"]

1. d4 Nf6 2. c4 g6 3. Nf3 Bg7 4. Nc3 d6 5. Qc2 0-0 6. Bg5 Nbd7 7. g3 Re8 8. Bg2 b6 9. 0-0 Bb7 10. d5 c5 11. Rad1 a6 12. a4 Qc7 13. Rfe1 e6 14. e4 e5 15. Qc1 Bf8 16. Bh3 Be7 17. Rf1 Reb8 18. Ne1 Bc8 19. f4 Ra7 20. fxe5 dxe5 21. Bxd7 Qxd7 22. Bxf6 Bxf6 23. Rxf6 Rab7 24. Kg2 Qe7 25. Qg5 h6 1-0

[Event "Lueneburg distr-ch Haupt"]
[Site "Muenster"]
[Date "2016.10.13"]
[Round "2.8"]
[White "Stricker, Tommy"]
[Black "Arians, Rudolph"]
[Result "1/2-1/2"]
[WhiteElo "1473"]
[BlackElo "807"]
[PlyCount "55"]
[EventDate "2016.10.13"]
[EventType "swiss"]
[EventRounds "7"]
[EventCountry "GER"]
[SourceTitle "EXT 2019"]
[Source "ChessBase"]
[SourceDate "2018.10.10"]
[SourceVersion "1"]
[SourceVersionDate "2018.10.10"]
[SourceQuality "1"]

1. e4 e6 2. d4 d5 3. e5 c5 4. c3 Nc6 5. Be3 b6 6. Nf3 c4 7. Be2 Nge7 8. 0-0 Bd7 9. b3 b5 10. h3 Qc7 11. Nh2 0-0-0 12. a4 a6 13. axb5 axb5 14. bxc4 bxc4 15. Na3 Nb8 16. Nc2 Be8 17. Nb4 Bb5 18. f4 Nf5 19. Bf2 Be7 20. Nf3 h6 21. g4 Bxb4 22. cxb4 Ne7 23. Qc2 g6 24. Nd2 Qd7 25. Nb1 Nbc6 26. Qb2 Kb8 27. Nc3 Na7 28. Ra5 1/2-1/2